Entrepreneur power plays : how the world's most dynamic thinkers reach the top of their game.
| Published: |
New York:
McGraw-Hill,
2008.
|
|---|---|
| Subjects: |
| LEADER | 00484cam a2200145 7i4500 | ||
|---|---|---|---|
| 001 | 0000041671 | ||
| 005 | 20120120090000.0 | ||
| 020 | |a 9780071486323 (pbk.) | ||
| 020 | |a 0071486321 (pbk.) | ||
| 090 | 0 | 0 | |a HD62.5 |b .E59 2008 |
| 245 | 0 | 0 | |a Entrepreneur power plays : |b how the world's most dynamic thinkers reach the top of their game. |
| 260 | |a New York: |b McGraw-Hill, |c 2008. | ||
| 300 | |a ix, 176 p.; |c 22 cm. | ||
| 650 | 0 | 0 | |a Entrepreneurship |
| 999 | |a 0000050246 |b BOK |c OPEN SHELF |e 1st Floor, Shah Alam | ||


